000 04066cam a22005177i 4500
001 21868436
005 20241112113245.0
008 210113s2019 stka b 001 0 eng c
010 _a 2020304854
015 _aGBB955329
_2bnb
016 7 _a101754526
_2DNLM
016 7 _a019326241
_2Uk
020 _a9780702075001
_q(paperback)
020 _a0702075000
_q(paperback)
020 _z9780702075346 (Mobipocket ebook)
035 _a(OCoLC)on1091648161
040 _aNLM
_beng
_cNLM
_erda
_dNSHSPK
050 0 0 _aRD81
_b.T44 2019
060 0 0 _a2019 G-364
060 1 0 _aWO 200
082 _a617.96
_bSMI
245 0 0 _aSmith and Aitkenhead's textbook of anaesthesia /
_cedited by Jonathan Thompson, Iain Moppett, Matthew Wiles.
246 3 0 _aTextbook of anaesthesia
250 _aSeventh edition.
264 1 _aEdinburgh :
_bElsevier,
_c2019.
300 _axii, 948 pages
_billustrations ;
_c24 cm
336 _atext
_2rdacontent
337 _aunmediated
_2rdamedia
338 _avolume
_2rdacarrier
504 _aIncludes bibliographical references and index.
505 1 _a Section 1 Basic Sciences -- General principles of pharmacology -- Data, statistics and clinical trials -- Inhalational anaesthetics and medical gases -- Intravenous anaesthetics and sedatives -- Local anaesthetics -- Pain -- Nausea and vomiting -- Muscle function and neuromuscular blockade -- Cardiovascular system -- Respiratory system -- Renal system -- Fluid, electrolyte and acid–base balance -- Metabolism, the stress response and thermoregulation -- Blood, coagulation and transfusion -- Section 2 Physics and Apparatus -- Basic physics -- Equipment -- Clinical measurement and monitoring -- Section 3 Fundamentals of Anaesthesia & Perioperative Medicine -- Quality and safety -- Preoperative assessment -- Coexisting disease -- Consent and information -- The practical conduct of anaesthesia -- Airway management -- Pain management -- Local and regional anaesthesia -- Complications -- Management of critical incidents -- Resuscitation -- Postoperative care -- Section 4 Clinical Anaesthesia -- The high-risk surgical patient -- The older surgical patient -- The obese patient -- Paediatric anaesthesia -- Day surgery -- General, gynaecological and genitourinary surgery -- Orthopaedic surgery -- ENT, maxillofacial and dental surgery -- Ophthalmic surgery -- Vascular, endocrine and plastic surgery -- Neurosurgery -- Thoracic surgery -- Cardiac surgery -- Obstetric anaesthesia and analgesia -- Emergency and trauma surgery -- Anaesthesia in low and middle-income areas -- Anaesthesia outside the operating theatre -- Organ transplantation -- Intensive care medicine
520 _aSmith and Aitkenhead's Textbook of Anaesthesia, edited by Jonathan Thompson, Iain Moppett, and Matthew Wiles, is a comprehensive guide on the principles and practice of anesthesia, designed for medical students, trainees, and practitioners. This textbook covers essential aspects of anesthesia, including pharmacology, physiology, techniques for various procedures, pain management, and perioperative care. Updated content reflects recent advances in the field, with an emphasis on patient safety, evidence-based practices, and innovations in anesthetic care. Its clear, structured approach makes complex topics accessible, offering essential knowledge for safe and effective anesthetic practice.
650 0 _aAnesthesia
_vTextbooks.
_9126891
650 1 2 _aAnesthesia.
_9126892
650 2 2 _aAnesthetics.
_9126893
650 7 _aAnesthesia.
_2fast
_0(OCoLC)fst00808644
_9126892
655 7 _aTextbooks.
_2fast
_0(OCoLC)fst01423863
700 1 _aThompson, Jonathan P.,
_eeditor.
_9126894
700 1 _aMoppett, Iain K.,
_eeditor.
_9126895
700 1 _aWiles, Matt,
_eeditor.
_9126896
776 0 8 _iEbook version :
_z9780702075346
906 _a7
_bcbc
_cpccadap
_d2
_encip
_f20
_gy-gencatlg
942 _2ddc
_cBK
999 _c612297
_d612297